000 01118nas a2200349 4500
001 BR2013003905
003 BR-BrBNA
005 20231205122349.0
007 ta
008 230509b bl.|||p| |||| 00| 00por d
040 _aBR-BrBNA
_bpor
_cBiblioteca Nacional de Agricultura
041 _a(En)
072 _aL70; L74
100 1 _aCarvalho, C.F.
100 1 _aChammas, M.C.
100 1 _aAndrade Neto, J.P.
100 1 _aJimenez, C.D.
100 1 _aDiniz, S.A.
100 1 _aCerri, G.G.
100 1 _a
245 1 _aTranscranial duplex doppler ultrasonography in dogs with hydrocephalus
246 1 _aTranscranial duplex doppler ultrasonography in dogs with hydrocephalus
650 _aCÃO
650 _aEXAME NEUROLÓGICO
650 _aULTRA-SOM
650 _aDISTÚRBIO FISIOLÓGICO
650 _aVETERINÁRIA
773 0 _tArquivo Brasileiro de Medicina Veterinária e Zootecnia (Brazil)
_xISSN 0102-0935
_g(Feb 2010), v. 62(1) p. 54-63
_wBR2013003905
856 4 0 _uhttp://www.scielo.br/pdf/abmvz/v62n1/v62n1a08.pdf
909 _a202311
_bLúcia
_c55
_dLúcia Elande
942 _2AGRIS
_n0
_cANA
999 _c228269
_d228269